Geography Quiz

Random Geography or Asia Quiz
Score 0/20 Timer 03:00
1 Play Today
Distance Country % Correct
13.3 kmSri Lanka
94.1%
594.6 kmIran
91.5%
483.0 kmThailand
89%
457.8 kmAfghanistan
88.1%
721.1 kmLaos
87%
837.3 kmVietnam
85.5%
1,003.1 kmCambodia
85.3%
635.6 kmMalaysia
83.4%
963.8 kmTurkmenistan
83.1%
174.2 kmIndonesia
82.1%
Distance Country % Correct
865.2 kmUzbekistan
81.2%
469.7 kmTajikistan
78.4%
128.7 kmMaldives
78%
1,065.3 kmKazakhstan
77.8%
1,244.4 kmSingapore
76.9%
865.8 kmOman
76.4%
1,207.8 kmUnited Arab Emirates
73.1%
735.5 kmKyrgyzstan
72.9%
1.297.2 kmSaudi Arabia
71.4%
1,684.1 kmQatar
63%
Remove Ads.
Support Sporcle.
Get the best of Sporcle when you Go Orange. This ad-free experience offers more features, more stats, and more fun while also helping to support Sporcle. Thank you for becoming a member.

You're not logged in!

Compare scores with friends on all Sporcle quizzes.
OR
Log In

Show Comments

Extras

Top Quizzes Today


Score Distribution

Your Account Isn't Verified!

In order to create a playlist on Sporcle, you need to verify the email address you used during registration. Go to your Sporcle Settings to finish the process.

Report this User

Report this user for behavior that violates our Community Guidelines.

Details: